000 00792nam a22002415i 4500
001 12495
003 ES-MaACL
005 20230906150327.0
007 t|
008 911115s1944 fr ||||0| fre j
080 _a123
245 0 0 _aDéterminisme et libre arbitre
_b: entretiens présides par Ferdinand Gonseth ; recueillis et rédiges par H.S. Gagnebin.
250 _a2em. ed.
260 _aNeuchatel :
_bEditions du Griffon,
_c[1944]
300 _a190 p. ;
_c19 cm.
490 1 _aLes problèmes de la philosophie des sciences
650 1 4 _aDeterminismo.
_911842
700 1 _aGonseth, Ferdinand.
_958258
700 1 _aGagnebin, H.S.
_953227
830 0 _aLes problèmes de la philosophie des sciences
_9183819
852 _aES-MaACL
_jL-21148
_bR.115732
999 _c12495
_d12495